Niektoré metodologické problémy prestavby československej vzdelávacej sústavy

Bibliographic Details
Main Author: Stračár, Emil, 1923-1981 (Author)
Format: Book
Language:Slovak
PhysicalDescription:40, [2] s. 8°
Published: Bratislava Ústav školských informácií 1975
Subjects:

MARC

LEADER 00000cam a2200000 a 4500
001 vtls008355693
003 SK-MaSNL
005 20260301020650.0
008 190102s1975 xo 000 slo
015 |a SKSNBA1975/11-02789 
035 |a SK01SNK19750047910 
035 |a SKM000050373 
040 |a SNK  |b slo  |c SNK  |e AACR2 
041 0 |a slo 
044 |a xo  |c SK 
080 |a 371(437)  |2 1981 
100 1 |a Stračár, Emil,  |d 1923-1981  |4 aut  |9 192833 
245 1 0 |a Niektoré metodologické problémy prestavby československej vzdelávacej sústavy  |c sprac. Emil Stračár 
260 |a Bratislava  |b Ústav školských informácií  |c 1975  |e Bratislava  |f Ústav školských informácií 
300 |a 40, [2] s.  |c 8° 
500 |a Schémy 
563 |a 400 výtl. 
650 0 7 |a školstvo  |z Česko-Slovensko  |x prestavba  |x štúdie  |2 SNK  |9 308412 
655 7 |a príručky  |2 SNKPH  |9 74364 
852 |a Slovenská národná knižnica v Martine  |b 10000  |h SC 37609 
919 |a brož. 
958 |a OND 
958 |a RK 
958 |a RM 
958 |a BQ 
999 |c 563511  |d 565441 
952 |a SNK  |b SNK  |y VYP  |7 0  |p 17A1152041  |o snkSC 37609 D1  |i snkF 953/87  |8 5  |0 0  |1 0  |4 0  |d 2017-06-17  |l 0  |r 2026-02-23 13:49:54  |w 2026-02-23